| 000 | 00932cab a2200301 4500 | ||
|---|---|---|---|
| 001 | ABS53188 | ||
| 008 | 090401t1995 xxu||||| |||| 00| 0 eng d | ||
| 035 | _a(Sirsi) u2572 | ||
| 041 | _aeng | ||
| 100 | _aEvans, B. | ||
| 245 | _aSustainably managed forestry | ||
| 260 | _c1995 | ||
| 350 | _a0 | ||
| 490 |
_aArchitects` Journal _v201(26) 29 June 1995, 44(1) |
||
| 520 | _aThe timber supply trade`s pressure group, Forests Forever, is profiled. Its chief aim is to improve self-regulation in countries, which supply timber. | ||
| 650 | _aBUILT ENVIRONMENT-BUILDING MATERIALS | ||
| 650 | _aFOREST MANAGEMENT | ||
| 650 | _aFOREST STEWARDSHIP COUNCIL | ||
| 650 | _aFORESTRY | ||
| 650 | _aFORESTS FOREVER | ||
| 650 | _aGREEN ISSUES | ||
| 650 | _aSELF-REGULATION | ||
| 650 | _aSPECIFICATION | ||
| 650 |
_aSustainability _96271 |
||
| 690 | _aBUILT ENVIRONMENT-BUILDING MATERIALS | ||
| 942 | _n0 | ||
| 948 | _c04/03/1997 | ||
| 999 |
_c1549 _d1549 |
||